Yeni Anayasada din ve vicdan hürriyeti (Record no. 7473)

MARC details
000 -BAŞLIK
Sabit Uzunlukta Kontrol Alanı 00794na a2200241 4500
001 - KONTROL NUMARASI
Denetim Alanı 20561
003 - KONTROL NUMARASI IDENTIFIER
Denetim Alanı MIRAKIL
005 - SON İŞLEM TARİHİ VE ZAMANI
Denetim Alanı 20181213155140.0
008 - SABİT-BOY VERİ ELEMANLARI - GENEL BİLGİLER
Sabit Uzunlukta Kontrol Alanı 170124b tu 000 0
040 ## - KATALOGLAMA KAYNAK
Orijinal Kataloglama Ajansı Milas
Kataloglama Dili tur
Metne Dönüştürmek Ajansı TR-AnCHP
041 ## - DİL KODU
Metin / Ses Parça Veya Ayrı Başlığın Dil Kodu tur
082 ## - DEWEY ONLU SINIFLANDIRMA NUMARASI
Sınıflandırma Numarası 342.0852
Ürün Numarası Y35 2011
090 ## - SINIFLAMA NUMARASI
Sınıflama Numarası 342.0852 Y35 2011
111 ## - ANA GİRİŞ - TOPLANTI ADI
Giriş Elemanı Olarak Toplantı Adı Veya Yargı Alanı Adı Yeni Anayasada Din ve Vicdan Hürriyeti
Toplantının Yeri Ankara
Toplantı Veya Antlaşma İmzalandığı Tarihi 2011
245 ## - BAŞLIK TABLOSU
Başlık Yeni Anayasada din ve vicdan hürriyeti
Sorumluluk Tablosu, Vb Diyanet-Sen Akademisi
260 ## - YAYIN, DAĞITIM, VB
Yayın, Dağıtım, Vb Yeri Ankara
Yayıncı, Dağıtıcı, Vs Adı Diyanet-Sen Akademisi
Yayın, Dağıtım, Vb Tarihi 2011
300 ## - FİZİKSEL TANIM
Kapsam 92 s.
Boyutlar 20 sm.
490 ## - SERİSİ TABLOSU
Seri Beyanı Diyanet-Sen Akademisi Seminerleri
Hacim / Ardışık Tanımı 4
650 ## - KONU KATMA GİRİŞ - TOPİKAL DÖNEM
Topikal Süreli Veya Coğrafi Ad Giriş Elemanı Anayasa değişikliği
Genel Alt Bölümü Dinsel faaliyetler
Kronolojik Alt Bölümü Toplantılar
650 ## - KONU KATMA GİRİŞ - TOPİKAL DÖNEM
Topikal Süreli Veya Coğrafi Ad Giriş Elemanı Anayasa hukuku
Genel Alt Bölümü Din ve vicdan özgürlüğü
Kronolojik Alt Bölümü Toplantılar
710 ## - KATMA GİRİŞ - KURUMSAL ADI
Giriş Elemanı Olarak Kurumsal Ad Veya Yargı Alanı Adı Diyanet-Sen Akademisi
942 ## - EKLENDİ GİRİŞ ELEMANLARI (KOHA)
Sınıflandırma Veya Raf Düzeni Kaynak Dewey Decimal Classification
Koha Öğesi Türü Books
999 ## - SİSTEM KONTROL NUMARALARI (KOHA)
Koha Biblionumber 7473
Koha Biblioitemnumber 7473
Holdings
Kalıcı Konum Mevcut Konum Edinme Tarihi Edinim Kaynak Toplam Check-Out'Lar Tam Çağrı Numarası Barkod Tarih Son Görülme İtibaren Geçerli Fiyatlar Koha Öğesi Türü
CHP Kütüphanesi CHP Kütüphanesi 01/24/2017 Bağış   342.0852 Y35 2011 012605 01/24/2017 01/24/2017 Books